<?xml version="1.0" encoding="UTF-8"?>
<marc:record xmlns:marc="http://www.loc.gov/MARC21/slim">
   <marc:leader>00000nam a2200000 a 4500</marc:leader>
   <marc:datafield ind1=" " ind2=" " tag="653">
      <marc:subfield code="a">DVD / Zeichentrickfilm</marc:subfield>
   </marc:datafield>
   <marc:datafield ind1=" " ind2=" " tag="653">
      <marc:subfield code="a">DVD / Kinderfilm</marc:subfield>
   </marc:datafield>
   <marc:datafield ind1="0" ind2="0" tag="245">
      <marc:subfield code="a">Die Eiskönigin [Bildtonträger]</marc:subfield>
   </marc:datafield>
   <marc:datafield ind1="0" ind2="0" tag="245">
      <marc:subfield code="b">Völlig unverfroren</marc:subfield>
   </marc:datafield>
   <marc:datafield ind1=" " ind2="1" tag="264">
      <marc:subfield code="c">2013</marc:subfield>
   </marc:datafield>
   <marc:datafield ind1="1" ind2=" " tag="520">
      <marc:subfield code="a">Königstochter Anna, begibt sich - begleitet von dem kantigen Naturburschen Kristoff und dessen treuem Rentier Sven - auf eine abenteuerliche Reise, um ihre Schwester Elsa zu finden, die mit ihren Zauberkräften das Königreich Arendelle im ewigen Winter gefangen hält. Auf ihrer gefährlichen Mission setzen den beiden nicht nur die Naturelemente zu, sie begegnen auch mystischen Trollen, müssen sich einem Schneemonster stellen und finden im urkomischen Schneemann Olaf einen ebenso treuen wie unverzichtbaren Begleiter. &#xD;
Inspiriert von Hans Christian Andersens Märchen  Die Schneekönigin  haben Chris Buck und Jennifer Lee das 53. Disney-Animationsabenteuer inszeniert. Die handwerklich ansprechende 3D-Produktion ist ein Mythen plündernder Hybrid, gleichermaßen Klassikern wie  Schneewittchen und die sieben Zwerge  als auch Gebrüder-Grimm-Varianten wie  Rapunzel  verpflichtet. Aufwändige CGI-Effekte sorgen für optischen Reiz, als Motor dienen zahlreiche von Tony-Gewinner Robert Lopez und Kristen Anderson-Lopez komponierte Ohrwürmer</marc:subfield>
   </marc:datafield>
   <marc:datafield ind1=" " ind2=" " tag="020">
      <marc:subfield code="a">9787418419730</marc:subfield>
      <marc:subfield code="9">9787418419730</marc:subfield>
   </marc:datafield>
   <marc:datafield ind1=" " ind2=" " tag="020">
      <marc:subfield code="a">7418419732</marc:subfield>
      <marc:subfield code="9">7418419732</marc:subfield>
   </marc:datafield>
   <marc:datafield ind1=" " ind2=" " tag="338">
      <marc:subfield code="a">Videodisk</marc:subfield>
   </marc:datafield>
   <marc:datafield ind1=" " ind2=" " tag="300">
      <marc:subfield code="a">1 DVD</marc:subfield>
   </marc:datafield>
</marc:record>
